00789nam a2200217Ia 4500003000400000005001700004008004100021040002100062041001200083082002500095100004400120245008900164260004700253300002900300505009800329534002200427546002800449650003200477650002900509700003300538OSt20200506151118.0191128s1980 ck gr 000 0 spa d aCO-JMCRcCO-JMCR1 aspahfr04a327.11 /bS278d 2231 aServan-Schreiber, Jean-Jacques, eautor13aEl desafío mundial / cJean-Jacques Servan-Schreiber ; traducción J. Ferrer Aleu aBogotá : bCírculo de Lectores, c1980 a376 páginas ; c20 cm.0 aLa hora que suena -- El pueblo de la tierra -- El recurso infinito -- La oportunidad que pasa pLe défi mondial aTraducido del francés14aRelaciones internacionales 14aPolítica internacional1 aFerrer Aleu, J., etraductor